Cities mentioned in Route 66 song - Statistics

General Stats
  • This quiz has been taken 40 times
  • The average score is 9 of 12
Answers on the Map
Answers color-coded by a green-red scale on the quiz's map according to % correct below.
 
Answer Stats
Answer % Correct
Chicago
97%
St. Louis
94%
Oklahoma City
88%
Amarillo
84%
Los Angeles
81%
Flagstaff
75%
San Bernardino
69%
Barstow
63%
Gallup
63%
Joplin
63%
Kingman
56%
Winona
47%
No matching quizzes found
Score Distribution
Percent of People with Each Score
Percentile by Number Answered
Your Score History
You have not taken this quiz